[Event "GCT Blitz Paris 2019"]
[Site "Paris FRA"]
[Date "2019.08.01"]
[Round "11"]
[White "Giri, A."]
[Black "Dubov, Daniil"]
[Result "1-0"]
[WhiteElo "2779"]
[BlackElo "2700"]
[PlyCount "165"]
[EventDate "2019.07.26"]

1. e4 c5 2. Nf3 Nc6 3. Bb5 g6 4. Bxc6 dxc6 5. d3 Qc7 6. h3 e5 7. Be3 f6 8. Qd2
Be6 9. a3 a5 10. Nc3 b6 11. Ng1 Bd6 12. Nge2 Ne7 13. f4 f5 14. O-O O-O-O 15.
fxe5 Bxe5 16. Bf4 Rhf8 17. Bxe5 Qxe5 18. Qg5 Qf6 19. Qxf6 Rxf6 20. g4 Rf7 21.
Nf4 Kd7 22. exf5 gxf5 23. Na4 Nd5 24. Nxe6 Kxe6 25. Rae1+ Kd6 26. Rxf5 Rxf5 27.
gxf5 Rg8+ 28. Kh2 Rg5 29. Re6+ Kc7 30. Rh6 Rxf5 31. Rxh7+ Kd6 32. Kg3 Rg5+ 33.
Kf3 Rf5+ 34. Ke2 Re5+ 35. Kf3 Rf5+ 36. Kg3 Rg5+ 37. Kf2 Rf5+ 38. Ke2 Re5+ 39.
Kd2 Rg5 40. Rh6+ Ke5 41. Rxc6 Rg2+ 42. Kc1 Rg1+ 43. Kd2 Rg2+ 44. Ke1 Ne3 45.
Nxb6 Nxc2+ 46. Kd1 Ne3+ 47. Kc1 Kd4 48. Rd6+ Ke5 49. Rd8 Rh2 50. Re8+ Kd4 51.
Rd8+ Ke5 52. Nc4+ Nxc4 53. dxc4 Rxh3 54. Rd5+ Ke4 55. Rxc5 Kd3 56. Rd5+ Kxc4
57. Rxa5 Kb3 58. Rb5+ Kc4 59. Rb4+ Kc5 60. Kb1 Rg3 61. Ka2 Rh3 62. Rf4 Kb5 63.
Rf5+ Kb6 64. a4 Rg3 65. b3 Rh3 66. Ka3 Rh4 67. Rd5 Rg4 68. Rd3 Ka5 69. Rc3 Rh4
70. Rc5+ Kb6 71. Rc4 Rh5 72. Rf4 Rh3 73. Kb4 Rh6 74. a5+ Ka6 75. Ka4 Rh1 76.
Rf6+ Kb7 77. b4 Rh5 78. Rf7+ Kc6 79. b5+ Kd6 80. Rf4 Kc5 81. a6 Rh1 82. Rf5+
Kc4 83. Ka5 1-0

[Event "GCT Blitz Paris 2019"]
[Site "Paris FRA"]
[Date "2019.08.01"]
[Round "12"]
[White "Grischuk, A."]
[Black "Giri, A."]
[Result "1-0"]
[WhiteElo "2766"]
[BlackElo "2779"]
[PlyCount "87"]
[EventDate "2019.07.26"]

1. e4 c5 2. Nf3 d6 3. d4 cxd4 4. Nxd4 Nf6 5. Nc3 a6 6. Be3 e5 7. Nf3 Be7 8. Bc4
O-O 9. O-O Nc6 10. Bg5 Be6 11. Bb3 Nd7 12. Bxe7 Qxe7 13. Nd5 Qd8 14. Qe2 Nc5
15. Rfd1 Nxb3 16. axb3 f5 17. exf5 Bxf5 18. Ne3 Bg6 19. Nc4 Bh5 20. Nxd6 Qe7
21. c3 Kh8 22. Ne4 Bxf3 23. gxf3 Nd8 24. Ng3 Qf7 25. Qxe5 Ne6 26. Rd2 h6 27.
Qh5 Qc7 28. Re1 Nf4 29. Qg4 Rad8 30. Rxd8 Rxd8 31. h4 Rf8 32. h5 Qc5 33. b4 Qc7
34. Nf5 Qf7 35. Qxf4 Qxf5 36. Qxf5 Rxf5 37. Re7 b5 38. Re6 Rg5+ 39. Kf1 Rxh5
40. Rxa6 Rh1+ 41. Kg2 Rb1 42. Rb6 Rxb2 43. Rxb5 Rc2 44. Rc5 1-0

[Event "GCT Blitz Paris 2019"]
[Site "Paris FRA"]
[Date "2019.08.01"]
[Round "12"]
[White "Caruana, F."]
[Black "Vachier Lagrave, M."]
[Result "1-0"]
[WhiteElo "2819"]
[BlackElo "2775"]
[PlyCount "95"]
[EventDate "2019.07.26"]

1. e4 c5 2. Nf3 d6 3. d4 cxd4 4. Nxd4 Nf6 5. Nc3 a6 6. Be2 e5 7. Nb3 Be7 8. O-O
O-O 9. Bf3 Be6 10. a4 Nbd7 11. Be3 Nb6 12. Nd2 Rc8 13. a5 Nc4 14. Nxc4 Rxc4 15.
Qd2 Qc7 16. h3 Rc8 17. Rfd1 h6 18. Qe1 Qc6 19. Nd5 Bxd5 20. exd5 Qd7 21. c3 Ra4
22. Qd2 Bd8 23. b4 Rxa1 24. Rxa1 Qb5 25. Rc1 Qc4 26. Qd1 e4 27. Be2 Qxd5 28. c4
Qe5 29. c5 dxc5 30. Rxc5 Qb8 31. Bf4 Bc7 32. Qc2 Nd5 33. Bg4 Nxb4 34. Qxe4 Nc6
35. Bxc8 Bxf4 36. Rxc6 bxc6 37. Qe8+ Kh7 38. Bf5+ g6 39. Qxf7+ Kh8 40. Qf6+ Kg8
41. Qxg6+ Kf8 42. Qf6+ Kg8 43. g3 Be5 44. Qxh6 Bg7 45. Qxc6 Qb4 46. Qe8+ Bf8
47. Qg6+ Bg7 48. Be6+ 1-0

[Event "GCT Blitz Paris 2019"]
[Site "Paris FRA"]
[Date "2019.08.01"]
[Round "12"]
[White "Nepomniachtchi, I."]
[Black "Nakamura, Hi"]
[Result "1/2-1/2"]
[WhiteElo "2775"]
[BlackElo "2754"]
[PlyCount "94"]
[EventDate "2019.07.26"]

1. e4 e5 2. Nf3 Nc6 3. Bc4 Bc5 4. O-O Nf6 5. d3 O-O 6. h3 d5 7. exd5 Nxd5 8.
Re1 Be6 9. Nbd2 f6 10. Nb3 Bb6 11. a4 a6 12. a5 Ba7 13. d4 Kh8 14. dxe5 Nxe5
15. Bxd5 Bxd5 16. Nxe5 fxe5 17. Be3 Bxb3 18. Bxa7 Qxd1 19. Raxd1 Bxc2 20. Rd2
Ba4 21. Bc5 Rfe8 22. Rde2 Bc6 23. Rxe5 Rxe5 24. Rxe5 Re8 25. Rf5 Kg8 26. Bd4
Rd8 27. Rf4 Rd5 28. Rg4 g6 29. Bc3 Kf7 30. f3 h5 31. Rc4 Ke6 32. Kf2 Kf7 33. g4
hxg4 34. hxg4 g5 35. Ke3 Rd7 36. Rc5 Rd5 37. Rc4 Rd7 38. f4 Bd5 39. Rb4 c5 40.
Ra4 Re7+ 41. Kf2 Bb3 42. Ra3 Bd1 43. fxg5 Bxg4 44. Ra4 Be6 45. Rh4 Kg6 46. Bd2
Rh7 47. Rxh7 Kxh7 1/2-1/2

[Event "GCT Blitz Paris 2019"]
[Site "Paris FRA"]
[Date "2019.08.01"]
[Round "12"]
[White "Dubov, Daniil"]
[Black "Anand, V."]
[Result "1-0"]
[WhiteElo "2700"]
[BlackElo "2764"]
[PlyCount "140"]
[EventDate "2019.07.26"]

1. d4 Nf6 2. c4 e6 3. Nf3 d5 4. g3 Bb4+ 5. Nc3 O-O 6. Bg2 dxc4 7. O-O Nc6 8.
Qa4 Nd5 9. Qc2 Be7 10. Rd1 Ncb4 11. Qd2 Rb8 12. Ne5 Nb6 13. a3 N4d5 14. e4 Nxc3
15. Qxc3 Bd7 16. Nxc4 Nxc4 17. Qxc4 Bc6 18. Be3 a6 19. Rac1 Rc8 20. h4 Bd6 21.
h5 Re8 22. Qc3 h6 23. Qb3 Rb8 24. e5 Bxg2 25. Kxg2 Bf8 26. d5 exd5 27. Rxd5 Qc8
28. Qd3 c6 29. Rd7 Re7 30. Rd1 c5 31. Qd5 Rxd7 32. Qxd7 b5 33. f4 c4 34. Kf3 c3
35. Qxc8 Rxc8 36. bxc3 Bxa3 37. Ke4 Bb2 38. Rd6 a5 39. Rb6 Bxc3 40. Rxb5 a4 41.
Bc5 Ra8 42. Ba3 Be1 43. g4 Rc8 44. f5 Bh4 45. e6 fxe6 46. fxe6 Rc4+ 47. Kf5 Bg5
48. Kg6 Rc8 49. Rb7 Bf6 50. Rf7 Be5 51. Bb4 Bb2 52. Bd6 Rd8 53. Bc5 Rc8 54. Bd6
Rd8 55. Bb4 Rb8 56. Bc5 Rc8 57. Bd6 Rd8 58. Rd7 Rxd7 59. exd7 Bf6 60. Bc5 Bd8
61. Bb4 Bg5 62. Bc5 Bd8 63. Bd4 a3 64. Bxg7 a2 65. Bb2 Bg5 66. d8=Q+ Bxd8 67.
Kxh6 Kf7 68. g5 Be7 69. Bc3 Kg8 70. Kg6 Bf8 1-0

[Event "GCT Blitz Paris 2019"]
[Site "Paris FRA"]
[Date "2019.08.01"]
[Round "12"]
[White "Mamedyarov, S."]
[Black "Duda, J."]
[Result "1/2-1/2"]
[WhiteElo "2765"]
[BlackElo "2729"]
[PlyCount "120"]
[EventDate "2019.07.26"]

1. d4 d5 2. c4 c6 3. Nc3 Nf6 4. e3 e6 5. Nf3 Nbd7 6. Qc2 Bd6 7. Bd3 O-O 8. O-O
e5 9. cxd5 cxd5 10. e4 exd4 11. Nxd5 Nxd5 12. exd5 h6 13. Rd1 Ne5 14. Nxd4 Nxd3
15. Qxd3 Re8 16. Nb5 a6 17. Nxd6 Qxd6 18. Be3 Bg4 19. Rd2 Rac8 20. a4 Bh5 21.
h3 Bg6 22. Qa3 Qd7 23. a5 Rc4 24. Rad1 Kh7 25. b3 Rc2 26. Rxc2 Bxc2 27. Rd4 Be4
28. Qa4 Qxa4 29. bxa4 Bf5 30. d6 Bd7 31. Rb4 Bc6 32. Rc4 Re6 33. Rd4 Bd7 34.
Kf1 f6 35. Kg1 Kg8 36. h4 Kf7 37. Rd2 Re4 38. Bb6 Ke6 39. Bc7 Bxa4 40. f3 Re1+
41. Kf2 Rd1 42. Re2+ Kf7 43. h5 Rd5 44. Re7+ Kf8 45. g4 Bc6 46. Re3 Kf7 47. Kg3
Rd4 48. f4 Kf8 49. g5 fxg5 50. fxg5 hxg5 51. Re5 g4 52. Bb6 Rd3+ 53. Kxg4 Rd5
54. Rxd5 Bxd5 55. Kf5 Ke8 56. Bd4 Bf7 57. Kg5 Kd7 58. Bxg7 Kxd6 59. h6 Bg8 60.
Kg6 Ba2 1/2-1/2

[Event "GCT Blitz Paris 2019"]
[Site "Paris FRA"]
[Date "2019.08.01"]
[Round "13"]
[White "Giri, A."]
[Black "Caruana, F."]
[Result "1/2-1/2"]
[WhiteElo "2779"]
[BlackElo "2819"]
[PlyCount "101"]
[EventDate "2019.07.26"]

1. Nf3 d5 2. g3 c5 3. Bg2 g6 4. O-O Bg7 5. c4 d4 6. e3 Nc6 7. exd4 cxd4 8. d3
Nf6 9. Re1 O-O 10. a3 a5 11. Nbd2 Bf5 12. Qc2 Re8 13. Ne5 Nxe5 14. Rxe5 Nd7 15.
Rb5 b6 16. Ne4 Qc7 17. Bd2 h6 18. b4 axb4 19. Bxb4 Rac8 20. a4 Ne5 21. a5 bxa5
22. Bxa5 Qd7 23. Rab1 Bh3 24. Bh1 Bg4 25. Nd2 h5 26. f4 Nc6 27. Ne4 Nxa5 28.
Rxa5 e5 29. Qf2 Rb8 30. Rab5 Rbc8 31. fxe5 Rxe5 32. Rxe5 Bxe5 33. Nf6+ Bxf6 34.
Qxf6 Be6 35. Be4 Qd8 36. Qe5 Qd7 37. c5 Re8 38. c6 Qa7 39. c7 Rc8 40. Bb7 Qa2
41. Re1 Rf8 42. Qxd4 Qc2 43. Qb6 Bh3 44. Be4 Rc8 45. Bd5 Kg7 46. Qd4+ Kh7 47.
Qc4 Rxc7 48. Qxc2 Rxc2 49. Bxf7 Rg2+ 50. Kh1 Rd2 51. Bd5 1/2-1/2

[Event "GCT Blitz Paris 2019"]
[Site "Paris FRA"]
[Date "2019.08.01"]
[Round "13"]
[White "Mamedyarov, S."]
[Black "Nepomniachtchi, I."]
[Result "0-1"]
[WhiteElo "2765"]
[BlackElo "2775"]
[PlyCount "183"]
[EventDate "2019.07.26"]

1. d4 Nf6 2. c4 g6 3. Nf3 Bg7 4. g3 O-O 5. Bg2 c6 6. O-O d5 7. Qb3 Qb6 8. Nc3
Rd8 9. Bd2 dxc4 10. Qxc4 Be6 11. Qa4 Bf5 12. Qa3 Re8 13. Na4 Qa6 14. Rfe1 Nbd7
15. Bb4 Nd5 16. e4 Nxb4 17. Qxb4 Bg4 18. Nd2 Qb5 19. Qxb5 cxb5 20. Nc3 Bxd4 21.
Nxb5 Bxb2 22. Rab1 Be5 23. Nc4 Rec8 24. Nxe5 Nxe5 25. f4 Nd3 26. Re3 Nc5 27. f5
gxf5 28. h3 f4 29. gxf4 Bd7 30. Nd4 Rab8 31. e5 e6 32. Kh2 b5 33. Rd1 b4 34.
Bf3 a5 35. Bh5 a4 36. Rg1+ Kh8 37. f5 b3 38. axb3 axb3 39. Bxf7 b2 40. Rb1 exf5
41. e6 Nxe6 42. Bxe6 Rc1 43. Ba2 Rb4 44. Ne2 Rc2 45. Kg1 f4 46. Re7 f3 47. Rxd7
fxe2 48. Re7 Ra4 49. Kf2 e1=Q+ 50. Kxe1 Rxa2 51. Kd1 Rh2 52. Re2 Rh1+ 53. Kc2
Rc1+ 54. Kb3 Ra8 55. Rbxb2 Rc7 56. Re4 Kg7 57. Rb4 Rf8 58. Rb6 Rf3+ 59. Ka4
Rxh3 60. Rg2+ Kf7 61. Rf2+ Ke7 62. Re2+ Kd7 63. Rd2+ Kc8 64. Rg2 Re7 65. Rc2+
Rc7 66. Rg2 Rd3 67. Rg8+ Rd8 68. Rxd8+ Kxd8 69. Rh6 Rb7 70. Rh1 Ke8 71. Re1+
Kf7 72. Rf1+ Kg6 73. Rg1+ Kf5 74. Rf1+ Ke5 75. Rh1 Kf6 76. Rf1+ Kg7 77. Rg1+
Kf8 78. Rh1 Kg8 79. Rg1+ Rg7 80. Rh1 Rb7 81. Rg1+ Kf8 82. Rf1+ Ke7 83. Rh1 Kf6
84. Rf1+ Ke5 85. Re1+ Kf4 86. Rf1+ Kg4 87. Rg1+ Kf3 88. Rh1 Kg2 89. Rh6 Kg3 90.
Ka3 Kg4 91. Ka4 Kg5 92. Rh1 0-1

[Event "GCT Blitz Paris 2019"]
[Site "Paris FRA"]
[Date "2019.08.01"]
[Round "13"]
[White "Vachier Lagrave, M."]
[Black "Nakamura, Hi"]
[Result "1-0"]
[WhiteElo "2775"]
[BlackElo "2754"]
[PlyCount "91"]
[EventDate "2019.07.26"]

1. e4 d6 2. d4 g6 3. Nf3 Bg7 4. Bd3 e5 5. c3 Nc6 6. O-O Nf6 7. Re1 O-O 8. Nbd2
exd4 9. Nxd4 Nxd4 10. cxd4 c5 11. dxc5 dxc5 12. Nf3 Be6 13. Qe2 Re8 14. Be3 Rc8
15. Rad1 Qc7 16. b3 h6 17. Rc1 b6 18. h3 Qe7 19. Bf4 Kh7 20. Qe3 Red8 21. Ba6
Ra8 22. Ne5 Nh5 23. Nc6 Qh4 24. Nxd8 Rxd8 25. Bh2 Bd4 26. Qf3 g5 27. Bc4 g4 28.
hxg4 Bxg4 29. Qxf7+ Bg7 30. e5 Rf8 31. Bd3+ Kh8 32. Qg6 Qxf2+ 33. Kh1 Bf5 34.
Qxh5 Bxd3 35. e6 Bb5 36. e7 Re8 37. Re6 Kg8 38. Rd1 Qf7 39. Qd5 Kh7 40. Rxh6+
Kg8 41. Re6 Ba6 42. Qc6 Rxe7 43. Qa8+ Bf8 44. Rxe7 Qxe7 45. Bd6 Qf7 46. Qxf8+
1-0

[Event "GCT Blitz Paris 2019"]
[Site "Paris FRA"]
[Date "2019.08.01"]
[Round "13"]
[White "Duda, J."]
[Black "Dubov, Daniil"]
[Result "0-1"]
[WhiteElo "2729"]
[BlackElo "2700"]
[PlyCount "106"]
[EventDate "2019.07.26"]

1. c4 e6 2. Nf3 d5 3. g3 Nf6 4. Bg2 Be7 5. O-O O-O 6. b3 b6 7. Bb2 Bb7 8. e3
Nbd7 9. Nc3 c5 10. Qe2 a6 11. Rfd1 Rc8 12. Rab1 Re8 13. Ba1 Bf8 14. h3 d4 15.
exd4 Bxf3 16. Bxf3 cxd4 17. Ne4 Nxe4 18. Bxe4 Nc5 19. Bg2 a5 20. Qe5 d3 21. Re1
Qd7 22. Bc3 Red8 23. h4 Na6 24. Re3 Nb4 25. Be4 f6 26. Qh5 f5 27. Bg2 Bc5 28.
Ree1 Nxa2 29. Bb2 Nb4 30. Bc3 Nc2 31. Re5 Qf7 32. Qd1 Bd4 33. Bxd4 Nxd4 34. b4
Qf6 35. Re1 axb4 36. Rxb4 e5 37. Qb1 Rd6 38. Qxd3 e4 39. Qb1 Rcd8 40. Qa2 Kh8
41. Ra4 h6 42. Ra7 Nc6 43. Rb7 Rxd2 44. Qb1 Rb2 45. Qa1 Qd4 46. Rf1 e3 47. Kh1
e2 48. Rg1 Rd2 49. Qa4 Ne5 50. Qa7 Nd3 51. Re7 Nxf2+ 52. Kh2 Ng4+ 53. Kh1 Qxg1+
0-1

[Event "GCT Blitz Paris 2019"]
[Site "Paris FRA"]
[Date "2019.08.01"]
[Round "14"]
[White "Dubov, Daniil"]
[Black "Mamedyarov, S."]
[Result "1/2-1/2"]
[WhiteElo "2700"]
[BlackElo "2765"]
[PlyCount "58"]
[EventDate "2019.07.26"]

1. d4 Nf6 2. c4 b6 3. g3 Bb7 4. Nf3 Bxf3 5. exf3 e6 6. Bg2 c6 7. f4 d5 8. Nd2
g6 9. O-O Bg7 10. Qe2 O-O 11. Nf3 Nbd7 12. b3 Rc8 13. Ba3 Re8 14. Rac1 Qc7 15.
cxd5 Nxd5 16. Ne5 Nxe5 17. Bxd5 exd5 18. fxe5 Qd7 19. f4 f6 20. Qf3 c5 21. dxc5
fxe5 22. fxe5 bxc5 23. Bxc5 Rxe5 24. Bd4 Rxc1 25. Rxc1 Re4 26. Bxg7 Kxg7 27.
Qc3+ Kh6 28. Qd2+ Kg7 29. Qc3+ Kh6 1/2-1/2

[Event "GCT Blitz Paris 2019"]
[Site "Paris FRA"]
[Date "2019.08.01"]
[Round "14"]
[White "Nepomniachtchi, I."]
[Black "Vachier Lagrave, M."]
[Result "1-0"]
[WhiteElo "2775"]
[BlackElo "2775"]
[PlyCount "43"]
[EventDate "2019.07.26"]

1. e4 c5 2. Nc3 d6 3. f4 g6 4. Nf3 Bg7 5. Bc4 Nc6 6. O-O e6 7. d4 cxd4 8. Nb5
a6 9. Nbxd4 Nge7 10. Bb3 O-O 11. c3 Nxd4 12. Nxd4 e5 13. Nf3 Qc7 14. fxe5 dxe5
15. Ng5 Qb6+ 16. Kh1 Be6 17. Nxe6 fxe6 18. Bg5 Rxf1+ 19. Qxf1 Re8 20. Rd1 h6
21. Bh4 Kh7 22. Qf7 1-0

[Event "GCT Blitz Paris 2019"]
[Site "Paris FRA"]
[Date "2019.08.01"]
[Round "14"]
[White "Grischuk, A."]
[Black "Duda, J."]
[Result "0-1"]
[WhiteElo "2766"]
[BlackElo "2729"]
[PlyCount "126"]
[EventDate "2019.07.26"]

1. e4 d5 2. exd5 Qxd5 3. Nc3 Qd8 4. d4 Nf6 5. Nf3 g6 6. Bg5 Bg7 7. Qd2 h6 8.
Bf4 a6 9. Be2 b6 10. O-O-O Bb7 11. Ne5 Nbd7 12. Qe3 Nd5 13. Nxd5 Bxd5 14. Bf3
Nf6 15. c4 Bxf3 16. Qxf3 O-O 17. Rhe1 e6 18. Nc6 Qd7 19. Be5 Rae8 20. h3 b5 21.
d5 exd5 22. cxd5 Nh5 23. Bxg7 Nxg7 24. g4 Qd6 25. Qg3 Qc5+ 26. Kb1 Rxe1 27.
Rxe1 Re8 28. Rxe8+ Nxe8 29. Qe3 Qxe3 30. fxe3 Nf6 31. Nb4 a5 32. Na6 Nxd5 33.
e4 Nf4 34. Nxc7 Nxh3 35. Nxb5 Nf2 36. Nd6 Nxg4 37. Kc2 h5 38. Kd2 h4 39. Ke2
Ne5 40. b3 Kf8 41. Nb7 Nc6 42. Kf3 g5 43. Kg4 Ke7 44. a3 f6 45. Nc5 Kd6 46. Na4
Ne5+ 47. Kh3 Nd3 48. Nb6 Nf2+ 49. Kg2 Nxe4 50. Nc4+ Kd5 51. Nxa5 g4 52. Nc4 h3+
53. Kh2 Kd4 54. a4 f5 55. a5 Nc5 56. Nd6 Ke5 57. Nc4+ Kd5 58. Ne3+ Ke4 59. Nf1
Na6 60. Ng3+ Ke5 61. Ne2 f4 62. Nc3 Kd4 63. Na2 f3 0-1

[Event "GCT Blitz Paris 2019"]
[Site "Paris FRA"]
[Date "2019.08.01"]
[Round "14"]
[White "Nakamura, Hi"]
[Black "Giri, A."]
[Result "1-0"]
[WhiteElo "2754"]
[BlackElo "2779"]
[PlyCount "75"]
[EventDate "2019.07.26"]

1. e4 c5 2. Nf3 d6 3. Nc3 Nf6 4. h3 Nc6 5. d4 cxd4 6. Nxd4 e5 7. Nxc6 bxc6 8.
Bc4 Be7 9. O-O O-O 10. Qe2 Nd7 11. Rd1 Nb6 12. Bb3 a5 13. Be3 Ba6 14. Qg4 Kh8
15. f4 a4 16. fxe5 Bc8 17. Qf3 axb3 18. cxb3 d5 19. Qf2 Rb8 20. Bxb6 Qxb6 21.
Qxb6 Rxb6 22. exd5 cxd5 23. Nxd5 Re6 24. Nxe7 Rxe7 25. Rd5 Be6 26. Rb5 Rd8 27.
a4 g5 28. a5 Rd2 29. a6 Ra7 30. Rb7 Rd7 31. Rb8+ Kg7 32. b4 Bc4 33. b5 Rd2 34.
b3 Be2 35. e6 Rb2 36. Rb7 Ra8 37. Rxf7+ Kg6 38. Rf2 1-0

[Event "GCT Blitz Paris 2019"]
[Site "Paris FRA"]
[Date "2019.08.01"]
[Round "15"]
[White "Dubov, Daniil"]
[Black "Nepomniachtchi, I."]
[Result "1/2-1/2"]
[WhiteElo "2700"]
[BlackElo "2775"]
[PlyCount "119"]
[EventDate "2019.07.26"]

1. Nf3 Nf6 2. c4 c5 3. d4 cxd4 4. Nxd4 Nc6 5. Nc3 e6 6. g3 Qb6 7. Ndb5 a6 8.
Nd6+ Bxd6 9. Qxd6 Qb4 10. Qxb4 Nxb4 11. Rb1 d5 12. a3 Nc2+ 13. Kd1 Nd4 14. e3
Nc6 15. b3 O-O 16. Na4 e5 17. Nb6 Bg4+ 18. Be2 Rad8 19. Bxg4 Nxg4 20. Ke2 d4
21. Nd5 d3+ 22. Kf3 f5 23. Bd2 e4+ 24. Kg2 Nge5 25. Nf4 Kf7 26. h4 Nf3 27. Bc3
Rd7 28. Rhd1 Rfd8 29. b4 Nce5 30. c5 Nc4 31. a4 g6 32. b5 axb5 33. Rxb5 h6 34.
Rb4 Nce5 35. Rb6 Nc6 36. Rh1 d2 37. Rd1 g5 38. Ne2 Ra8 39. Nd4 Ncxd4 40. Bxd4
Rxa4 41. Rf6+ Ke8 42. Rxf5 gxh4 43. Rf4 Re7 44. Rf6 hxg3 45. Kxg3 Nxd4 46. exd4
Rxd4 47. Rxh6 Re5 48. Rd6 Rxd6 49. cxd6 e3 50. fxe3 Rxe3+ 51. Kf2 Rd3 52. Ke2
Rxd6 53. Rxd2 Rxd2+ 54. Kxd2 Kd8 55. Kc2 Kc8 56. Kb3 Kc7 57. Kc3 Kd6 58. Kb4
Kc6 59. Kc4 Kb6 60. Kb4 1/2-1/2

[Event "GCT Blitz Paris 2019"]
[Site "Paris FRA"]
[Date "2019.08.01"]
[Round "15"]
[White "Giri, A."]
[Black "Vachier Lagrave, M."]
[Result "1-0"]
[WhiteElo "2779"]
[BlackElo "2775"]
[PlyCount "63"]
[EventDate "2019.07.26"]

1. e4 c5 2. Nf3 d6 3. d4 cxd4 4. Nxd4 Nf6 5. Nc3 a6 6. Be3 Ng4 7. Bg5 h6 8. Bh4
g5 9. Bg3 Bg7 10. h3 Ne5 11. Nf5 Bxf5 12. exf5 Nbc6 13. Nd5 e6 14. fxe6 fxe6
15. Ne3 Qa5+ 16. c3 Nf3+ 17. gxf3 Bxc3+ 18. bxc3 Qxc3+ 19. Qd2 Qxa1+ 20. Nd1
Qd4 21. Bd3 Rf8 22. O-O Rxf3 23. Ne3 Kd7 24. Rd1 Raf8 25. Qe2 Qc5 26. Be4 Nd4
27. Qd3 Rxg3+ 28. fxg3 e5 29. Kg2 b5 30. Qd2 Rc8 31. Nf5 Qc3 32. Nxd4 1-0

[Event "GCT Blitz Paris 2019"]
[Site "Paris FRA"]
[Date "2019.08.01"]
[Round "15"]
[White "Duda, J."]
[Black "Caruana, F."]
[Result "1-0"]
[WhiteElo "2729"]
[BlackElo "2819"]
[PlyCount "81"]
[EventDate "2019.07.26"]

1. c4 e5 2. Nc3 Nf6 3. Nf3 Nc6 4. g3 d5 5. cxd5 Nxd5 6. Bg2 Bc5 7. O-O O-O 8.
d3 Re8 9. Bg5 Nxc3 10. bxc3 f6 11. Bc1 Be6 12. Bb2 Bf8 13. a4 Qd7 14. d4 Rad8
15. a5 Bc4 16. Nd2 Bf7 17. e3 b6 18. axb6 cxb6 19. Qb1 Na5 20. Be4 Qh3 21. Re1
Kh8 22. Nf3 Qh5 23. Nd2 Be6 24. h4 Bd6 25. Qc2 Qf7 26. Bxh7 f5 27. Nf3 e4 28.
Ng5 Qf6 29. Rxa5 bxa5 30. c4 Bf7 31. c5 Bc7 32. d5 Be5 33. Bxe5 Rxe5 34. d6 Bd5
35. Rd1 Bc6 36. Qc4 a4 37. Bg6 Rd7 38. Nf7+ Rxf7 39. Qxf7 Rxc5 40. d7 Bxd7 41.
Rxd7 1-0

[Event "GCT Blitz Paris 2019"]
[Site "Paris FRA"]
[Date "2019.08.01"]
[Round "15"]
[White "Mamedyarov, S."]
[Black "Grischuk, A."]
[Result "1/2-1/2"]
[WhiteElo "2765"]
[BlackElo "2766"]
[PlyCount "103"]
[EventDate "2019.07.26"]

1. d4 Nf6 2. Bg5 d5 3. e3 c5 4. Bxf6 exf6 5. dxc5 Bxc5 6. c3 Nc6 7. Nd2 O-O 8.
Nb3 Bb6 9. Nf3 Be6 10. Be2 f5 11. O-O Qf6 12. a4 a6 13. Nbd4 Bc7 14. g3 Rfd8
15. Qb3 Rab8 16. Rfd1 g6 17. Bf1 Kg7 18. Rd2 g5 19. Re1 Ne7 20. Kh1 Ng6 21. c4
Ba5 22. Red1 Bxd2 23. Rxd2 dxc4 24. Bxc4 Bxc4 25. Qxc4 Rbc8 26. Qd3 Ne7 27. Qb3
b6 28. Kg2 h6 29. h4 Rd5 30. Qd3 a5 31. Rd1 Rcd8 32. Qb3 g4 33. Ng1 Rxd4 34.
exd4 Rxd4 35. Ne2 Rxd1 36. Qxd1 Ng6 37. Nc3 h5 38. Qd5 Qe5 39. Kf1 f4 40. Qxe5+
Nxe5 41. gxf4 Nd3 42. Nd5 Nxb2 43. Nxb6 Nd3 44. Nc4 Nc5 45. Nxa5 Nxa4 46. f3
Kg6 47. Nc4 f5 48. Kf2 Nc5 49. Kg3 Ne6 50. Ne5+ Kh6 51. Nf7+ Kg6 52. Ne5+
1/2-1/2

[Event "GCT Blitz Paris 2019"]
[Site "Paris FRA"]
[Date "2019.08.01"]
[Round "16"]
[White "Caruana, F."]
[Black "Mamedyarov, S."]
[Result "1-0"]
[WhiteElo "2819"]
[BlackElo "2765"]
[PlyCount "112"]
[EventDate "2019.07.26"]

1. e4 c6 2. d4 d5 3. e5 Bf5 4. Nc3 a6 5. g4 Bd7 6. Be3 e6 7. f4 Qc7 8. Nf3 h5
9. gxh5 c5 10. h4 Ne7 11. Bd3 cxd4 12. Nxd4 Nec6 13. Nb3 Na5 14. Nxa5 Qxa5 15.
Qg4 Nc6 16. Bd2 Qb6 17. O-O-O Rc8 18. Kb1 Nb4 19. Rh3 a5 20. Rc1 a4 21. a3 Na6
22. Ka1 Nc5 23. Ne2 Nxd3 24. Rxd3 Rc4 25. Be3 Qc7 26. Nd4 b5 27. c3 Rh7 28.
Rdd1 Bc5 29. Qe2 Qd8 30. Bf2 Qb6 31. Rg1 Kf8 32. Be3 Qa6 33. Rg2 Qc8 34. Rcg1
Be7 35. Qd3 Kg8 36. h6 g6 37. h5 Rxh6 38. hxg6 f5 39. exf6 Bxf6 40. f5 Rh3 41.
fxe6 Bxe6 42. Qd2 b4 43. axb4 a3 44. Rh2 axb2+ 45. Kxb2 Bf5 46. Rxh3 Bxh3 47.
Rh1 Bf5 48. Qh2 Bxg6 49. Qg2 Qe8 50. Qxd5+ Qf7 51. Qa8+ Qe8 52. Qxe8+ Bxe8 53.
Rf1 Bg7 54. Kb3 Rc8 55. Kb2 Bf7 56. Rg1 Kh7 1-0

[Event "GCT Blitz Paris 2019"]
[Site "Paris FRA"]
[Date "2019.08.01"]
[Round "16"]
[White "Nakamura, Hi"]
[Black "Duda, J."]
[Result "1/2-1/2"]
[WhiteElo "2754"]
[BlackElo "2729"]
[PlyCount "143"]
[EventDate "2019.07.26"]

1. e4 c5 2. Nf3 Nf6 3. e5 Nd5 4. Nc3 Nxc3 5. dxc3 e6 6. Nd2 d5 7. exd6 Qxd6 8.
g3 Bd7 9. Qe2 Bc6 10. Nc4 Qd5 11. Rg1 Qf3 12. Qxf3 Bxf3 13. Ne5 Bd5 14. Bb5+
Bc6 15. Nxc6 Nxc6 16. Bxc6+ bxc6 17. Ke2 O-O-O 18. a4 Kb7 19. a5 Ka6 20. Ra4
Be7 21. Be3 Rd5 22. b3 Rhd8 23. Rc4 h5 24. h4 R8d7 25. Ra1 Rb7 26. Raa4 f5 27.
Ra1 g6 28. Re1 e5 29. f3 Rb5 30. Ra4 Rxa5 31. Rxa5+ Kxa5 32. Ra1+ Kb6 33. c4
Rd7 34. b4 f4 35. gxf4 exf4 36. bxc5+ Kb7 37. Rb1+ Ka6 38. Bf2 Bf6 39. Rg1 Rg7
40. Kd3 Kb7 41. c3 Rg8 42. Rh1 a5 43. Bd4 Be7 44. Rb1+ Ka7 45. Bf2 Rd8+ 46. Kc2
Rg8 47. Rd1 Bd8 48. Rd7+ Kb8 49. Kb3 Kc8 50. Rf7 Bc7 51. Bd4 g5 52. hxg5 Rxg5
53. Rh7 Rg3 54. Rxh5 Rxf3 55. Rh8+ Kb7 56. Rh7 Kc8 57. Rh8+ Kb7 58. Rh7 Kc8 59.
Rh6 Kb7 60. Rf6 Rf1 61. Kc2 Re1 62. Kb3 Re2 63. Ka4 Ra2+ 64. Kb3 Re2 65. Ka4
Re1 66. Kb3 Re8 67. Ka4 Re7 68. Kb3 Re4 69. Ka4 Re8 70. Kb3 Ra8 71. Rf7 Re8 72.
Ka4 1/2-1/2

[Event "GCT Blitz Paris 2019"]
[Site "Paris FRA"]
[Date "2019.08.01"]
[Round "16"]
[White "Vachier Lagrave, M."]
[Black "Anand, V."]
[Result "1/2-1/2"]
[WhiteElo "2775"]
[BlackElo "2764"]
[PlyCount "68"]
[EventDate "2019.07.26"]

1. e4 e5 2. Nf3 Nc6 3. Bb5 a6 4. Ba4 Nf6 5. d3 b5 6. Bb3 Bc5 7. Nc3 h6 8. Nd5
Rb8 9. c3 d6 10. O-O O-O 11. Be3 Nxd5 12. Bxd5 Bxe3 13. fxe3 Ne7 14. Bb3 Be6
15. Nh4 Qd7 16. Qh5 c5 17. Nf5 c4 18. Bc2 cxd3 19. Bxd3 Bc4 20. Rad1 Nxf5 21.
exf5 f6 22. b3 Bf7 23. Qe2 d5 24. c4 dxc4 25. bxc4 Qc6 26. cxb5 axb5 27. Rc1
Qa8 28. Bxb5 Qxa2 29. Rc2 Qb3 30. Bc4 Bxc4 31. Qxc4+ Qxc4 32. Rxc4 Rfd8 33.
Rfc1 Kh7 34. h3 Rd3 1/2-1/2

[Event "GCT Blitz Paris 2019"]
[Site "Paris FRA"]
[Date "2019.08.01"]
[Round "16"]
[White "Grischuk, A."]
[Black "Dubov, Daniil"]
[Result "1/2-1/2"]
[WhiteElo "2766"]
[BlackElo "2700"]
[PlyCount "142"]
[EventDate "2019.07.26"]

1. d4 d5 2. c4 e6 3. Nf3 Nf6 4. Nc3 Bb4 5. cxd5 exd5 6. Bg5 h6 7. Bh4 O-O 8. e3
Bf5 9. Be2 Nbd7 10. Qb3 Bxc3+ 11. Qxc3 g5 12. Bg3 Ne4 13. Qa5 c5 14. Qxd8 Rfxd8
15. dxc5 Ndxc5 16. Nd4 Bg6 17. f3 Nxg3 18. hxg3 Kg7 19. g4 Rac8 20. Kd2 Ne6 21.
Rac1 Nxd4 22. exd4 f5 23. gxf5 Bxf5 24. g4 Bg6 25. b4 Rf8 26. a4 Rfe8 27. a5 b6
28. Ba6 Rxc1 29. Rxc1 Re7 30. axb6 axb6 31. Rc6 h5 32. gxh5 Bxh5 33. Be2 Rf7
34. Ke3 Re7+ 35. Kf2 Rf7 36. Ke3 Re7+ 37. Kd2 Rf7 38. Rc3 Ra7 39. b5 Ra2+ 40.
Ke3 Bg6 41. Rc7+ Kf6 42. Rc6+ Kf7 43. Rxb6 Ra3+ 44. Kf2 Ra2 45. Ra6 Rb2 46. Ra3
Bf5 47. Ke3 Bd7 48. Ra7 Ke6 49. Ra6+ Ke7 50. Rb6 Rb3+ 51. Kd2 Rb2+ 52. Ke3 Rb3+
53. Kf2 Rb2 54. Ke3 Rb3+ 55. Kd2 Rb2+ 56. Kd1 Bf5 57. Rc6 Rb4 58. Kd2 Rb2+ 59.
Ke3 Rb3+ 60. Kf2 Rb2 61. Rc3 Kd6 62. Ke3 Bd7 63. Rc5 Rb3+ 64. Kd2 Rb2+ 65. Rc2
Rb3 66. Ra2 Bxb5 67. Bxb5 Rxb5 68. Ra6+ Ke7 69. Rg6 Rb3 70. Rxg5 Rxf3 71. Rxd5
Ke6 1/2-1/2